KOHA-Header-6

Simply Psychology (Record no. 8814)

000 -LEADER
fixed length control field 00258nam a2200109Ia 4500
100 ## - MAIN ENTRY--AUTHOR NAME
Personal name Michael Eysenck
245 #0 - TITLE STATEMENT
Title Simply Psychology
260 ## - PUBLICATION, DISTRIBUTION, ETC. (IMPRINT)
Place of publication UK
Name of publisher Psychology Press
Year of publication 1999
300 ## - PHYSICAL DESCRIPTION
Number of Pages 357
942 ## - ADDED ENTRY ELEMENTS (KOHA)
Koha item type Books
Holdings
Withdrawn status Lost status Collection code Permanent Location Current Location Shelving location Date acquired Full call number Accession Number Koha item type
    Psychology MAJU MAJU Shelf No.A35 2019-09-14 658.575 3836 Psychology

Powered by Koha